Samuel Pepys : (Record no. 130134)

MARC details
000 -LEADER
fixed length control field 00680nam a22002297a 4500
005 - DATE AND TIME OF LATEST TRANSACTION
control field 20170124110107.0
010 ## - LIBRARY OF CONGRESS CONTROL NUMBER
LC control number 731574
020 ## - INTERNATIONAL STANDARD BOOK NUMBER
Terms of availability 00.00
035 ## - SYSTEM CONTROL NUMBER
System control number 731574
037 ## - SOURCE OF ACQUISITION
Source of stock number/acquisition Cen Lib/Ret
040 ## - CATALOGING SOURCE
Original cataloging agency DPL
Language of cataloging EN
082 ## - DEWEY DECIMAL CLASSIFICATION NUMBER
Classification number 921
Item number BRY
100 ## - MAIN ENTRY--PERSONAL NAME
Personal name Bryant, Arthur
9 (RLIN) 27423
245 ## - TITLE STATEMENT
Title Samuel Pepys :
Statement of responsibility, etc by Arthur Bryant
Remainder of title the man in the making /
260 ## - PUBLICATION, DISTRIBUTION, ETC. (IMPRINT)
Place of publication, distribution, etc London
Name of publisher, distributor, etc Collins
Date of publication, distribution, etc 1947
270 ## - ADDRESS
Address Fourteen St. James Place
City London
300 ## - PHYSICAL DESCRIPTION
Extent xii,436p. :
Dimensions 21cm(Hb)
Other physical details ill.
500 ## - GENERAL NOTE
General note Includes bibliographical reference and index
650 ## - SUBJECT ADDED ENTRY--TOPICAL TERM
Topical term or geographic name as entry element Statesmen
9 (RLIN) 8466
650 ## - SUBJECT ADDED ENTRY--TOPICAL TERM
Topical term or geographic name as entry element Authors, English--Early modern
9 (RLIN) 28379
942 ## - ADDED ENTRY ELEMENTS (KOHA)
Source of classification or shelving scheme Dewey Decimal Classification
Koha item type English Books
Classification part 921
Call number suffix BRY
Holdings
Withdrawn status Lost status Damaged status Not for loan Home library Current library Date acquired Source of acquisition Cost, normal purchase price Total Checkouts Full call number Barcode Date last seen Copy number Cost, replacement price Price effective from Koha item type Public note
Written off       Central Library Central Library 08/07/2015 Cen Lib/Ret 0.00   921 BRY 731574 08/07/2015 1 0.00 08/07/2015 English Books W/d List No. 8130/8; dtd 18.2.2017

© Delhi Public Library
Hit Counter
free hit counter